000 00607nam a22002177a 4500
003 UA-OsUOA
001 124275
007 ta
008 20170803b un ||||| |||| 00| 0 ukr d
100 _aЯременко О. Л.
090 _a330
_bЯ72
942 _cSA
040 _aUA-OsUOA
_bukr
_cUA-OsUOA
_dUA-OsUOA
245 _aГлобальні дисбаланси та новий протекціонізм: інституційна гіпотеза
300 _aС.106-123
955 _a0
041 _aukr
080 _a330
773 0 _w124274
650 7 _a330 Економіка взагалі
_2UDC
999 _c412252
_d412252